Представление документа в формате MARC21

Поле Инд. ПП Название Значение
Тип записи a
Библиографический уровень b
001 Контрольный номер RU/IS/BASE/105008065
005 Дата корректировки 20200630193149.0
084 a Индекс другой классификации/Индекс ББК 66.02; 60.561.32
100 1_ a Автор Бирюков С. В.
245 a Заглавие Региональная политическая власть: от концептов к интегративной модели
504 a Библиография Библиогр. ссылки
650 a Основная рубрика политика
a Основная рубрика политическая социология
a Основная рубрика политология
a Основная рубрика социология
653 a Ключевые слова властные отношения
a Ключевые слова власть
a Ключевые слова государственная власть
a Ключевые слова интегративная теория власти
a Ключевые слова концепция власти
a Ключевые слова кратология
a Ключевые слова методы политических исследований
a Ключевые слова модели власти
a Ключевые слова политическая власть
a Ключевые слова политическая элита
a Ключевые слова политические теории
a Ключевые слова политическое управление
a Ключевые слова разделение властей
a Ключевые слова региональная власть
a Ключевые слова элита
773 t Заглавие источника Вестник Московского университета. Серия 18, Социология и политология
d Дата издания источника 2003
g Прочая информация № 1. - С. 3 - 24
w Контрольный № источника RU/IS/BASE/103733045
901 t Тип документа b